000 00214nam a2200097Ia 4500
008 240331s9999 xx 000 0 und d
082 _bNAM
100 _aNamboodripad, E.M.S
245 0 _aVethankalin naadu
942 _cL
999 _c2133
_d2133